| 000 | 00000nam##2200000za#4500 |
| 001 | 9.658835 |
| 003 | CaOODSP |
| 005 | 20200330131259 |
| 007 | ta |
| 008 | 150407|1996||||xxc||||| f|0| 0 eng|d |
| 020 | |a0-660-60057-9 |
| 040 | |aCaOODSP|beng |
| 041 | |aeng |
| 041 | |afre |
| 043 | |an-cn--- |
| 086 | 1 |aSN3-227/1-1996 |
| 110 | 1 |aCanada.|bNational Library of Canada. |
| 245 | 14|aThe accessible Canadian library II : |ba resource tool for librarians serving persons with disabilities / |cby Wendy Scott and Ann Archer. |
| 260 | |aOttawa - Ontario : |bNational Library of Canada |c1996. |
| 300 | |aEnglish text, 104p. : |c28 cm. |
| 500 | |aContents: Introduction.--Guidelines on library and information services for people with disabilities.--Specifications for a barrier-free library.--Resource lists.--Bibliographies. |
| 504 | |aBibliography. |
| 546 | |aBilingual |
| 563 | |aSpiral binding |
| 590 | |a96-49|b1996-12-06 |
| 690 | 07|aLibraries|2gcpds |
| 690 | 07|aPersons with disabilities|2gcpds |
| 720 | 1 |aScott, Wendy |
| 720 | 1 |aArcher, Ann |
| 776 | 0#|tLa bibliothèque canadienne accessible II : |w(CaOODSP)9.640051 |
| 776 | 0#|tThe accessible Canadian library II : |w(CaOODSP)9.695931 |
| 792 | |tLa bibliothèque canadienne accessible II : |efre|w(CaOODSP)9.658836 |